| 000 | 00598nam a22001937a 4500 | ||
|---|---|---|---|
| 003 | OSt | ||
| 005 | 20151203153451.0 | ||
| 008 | 130628t xxu||||| |||| 00| 0 eng d | ||
| 020 | _a9781876659325 | ||
| 050 |
_aQC 75 _b.R457 2008 |
||
| 082 |
_aIB 530.02 _bR33 2008 |
||
| 100 | _aReyes, Cesar | ||
| 245 |
_aStudent guide to internal assessment - physics : _bfor use with the international baccalaureate diploma programme _cCesar Reyes and Christopher Talbot. |
||
| 260 |
_aAustralia : _bIBID Press, _c2008. |
||
| 300 |
_a129 p. ; _c28 cm. |
||
| 562 | _e1 | ||
| 942 |
_2lcc _cBK |
||
| 999 |
_c3343 _d3343 |
||